Chained Actors & Their Roles Quiz Stats

 Plays Quiz Updated Mar 28, 2012

Also try: Actor Movie Chain
Challenge
Share
Tweet
Embed
Score 0/56 Timer 16:00
1 Play Today
Clue Character or Actor % Correct
This American actor, best known for managing 'The Office'...Steve Carell
89%
But when Tim Burton remade the film in 2005 starring this actor, he changed the title.Johnny Depp
81.1%
... who later played this Chocolate Factory owner in a 1971 movie based on a Roald Dahl book.Willy Wonka
73.1%
Then, when Burton made 'Alice in Wonderland' in 2010, the same actor played this unstable haberdasherMad Hatter
70.7%
... who was made a live-action screen character played by this 'Ferris Bueller' actor...Matthew Broderick
69.9%
...who in an episode of 'Pinky & the Brain' voiced this real-life 'Forrest Gump' actor...Tom Hanks
68.3%
... who voiced this lasagna-loving cat in a 2004 film...Garfield
66.9%
In the 1986 music remake, the same role was played by this 'Groundhog Day' actor'...Bill Murray
65.8%
... a role originated in the 1968 film by this 'Blazing Saddles' actor...Gene Wilder
63.1%
...played this bumbling secret agent in a 2008 movie...Maxwell Smart
62.9%
Among the other iconic roles by the same actor was this biblical figure from 1957's 'The Ten Commandments'Moses
61.9%
... a role originated in the movies by this Scottish actor...Sean Connery
61.6%
... who almost 30 years later regained fame as this green-haired villain on TV's 'Batman'.The Joker
61.2%
... the same role that 7 years earlier was played on the big screen by this 'Star Wars' actor...Harrison Ford
61%
That same bad guy was played by this 3-time Oscar winner in the 1989 'Batman film.Jack Nicholson
60.3%
...who in 1976 played an aged version of this legendary figure who sought the hand of Maid Marion...Robin Hood
60.2%
... who took over the role of this British spy in 1973's 'Live and Let Die'James Bond
59.6%
The 1978 movie 'Superman' starred this actor who became a quadriplegic after a horsing accident...Christopher Reeve
56.7%
... that in 1990 was also played by this 'Lethal Weapon' actor...Mel Gibson
54%
...also played by this American actor who kept his accent in the 1991 film subtitled 'Prince of Thieves'Kevin Costner
53.8%
... who disguised himself as this mild-mannered reporter...Clark Kent
52.4%
..a king who was also played by this Oscar-winning actor & NRA spokesman in 1978's 'Crossed Swords'...Charlton Heston
51.7%
... a role also played by this brother of actor Randy in the 2004's 'The Alamo'.Dennis Quaid
51.2%
... who was also the voice of this cybernetic cartoon policeman...Inspector Gadget
51%
...who in 1998's animated 'The Prince of Egypt' was voiced by this 'Top Gun' co-star...Val Kilmer
49.4%
Now that character shares his name with an actor, who played this alter ego in 2008's 'Incredible Hulk'Bruce Banner
47.8%
...who later played this British King in 'The Other Bolelyn Girl'...Henry VIII (Henry Tudor)
45.1%
... who in a 1975 TV movie played this first President of the Republic of Texas, after whom the a large city is named...Sam Houston
43%
Clue Character or Actor % Correct
... who played this supreme Olympian god in 'Percy Jackson & the Lightning Thief'...Zeus
41.9%
...based on the TV series of the same name starring this actor...Roger Moore
41.3%
...who only five years earlier was played by this 'Munich' actor in Ang Lee's 'Hulk'.Eric Bana
41.2%
...but the same actor is much better known for playing this sewer worker on the classic TV series, 'The Honeymooners'Ed Norton
40.9%
... who came to fame as this Prohibition enforcer in 1987's 'The Untouchables'...Eliot Ness
38.3%
... but the role was taken over by this actor/director for 'The Sum of All Fears'...Ben Affleck
38.3%
... who won an Oscar as this Danish prince in 1948...Hamlet
36.6%
... who played this Tom Clancy character in 'A Clear & Present Danger' and 'Patriot Games'...Jack Ryan
35.4%
... who in 1994 played this western poker player, the title character...Bret Maverick
35.2%
...originally played by this actor on the TV series 'Get Smart'...Don Adams
31.4%
... who also played this Tombstone dentist in 1994's 'Wyatt Earp'...Doc Holliday
29.5%
... in a remake of the 1960s TV series where the same character was played by this 'Rockford Files' actor.James Garner
29.3%
... a role reprised 12 years later by this actor who also played Boromir in 'Lord of the Rings'.Sean Bean
26%
... as did this knighted British acting legend in the 1981 version of 'Clash of the Titans'.Laurence Olivier
25%
...a character played (in a 1954 TV production) by this Oscar winner for 'Harry & Tonto'Art Carney
23%
... a role played in 1939's 'Frontier Marshall' by this Latin Lover actor...Cesar Romero
22.5%
That actor played this real-life astronaut in 'Apollo 13'...Jim Lovell
22.1%
That same Ghostbuster was later voiced by this 'Full House' star...Dave Coulier
22%
... who was the cartoon voice of this Ghostbuster (originally played by the previous actor!)...Peter Venkman
21.3%
... who in 2006's Hollywoodland, played this real-life 'Adventures of Superman' leading man...George Reeves
20.7%
... who in the 2000 TV series 'The Fugitive' played this doctor falsely accused of murder...Richard Kimble
20.3%
... who played this Broadway accountant in 2005's 'The Producers' ...Leo Bloom
19.5%
...who had just bombed as this character in the movie remake of 'The Saint'...Simon Templar
14.3%
... based on the 1960's TV series starring this actor as the same lawman...Robert Stack
13.3%
...and produced the HBO series 'From the Earth to the Moon' where this 'Private Practice' star played the same Mission CommanderTim Daly
9.4%
... originally voiced in cartoons by this melodically named actorLorenzo Music
8%
... who also played this Russian count in 1985's 'Anna Karenina'Alexei Vronsky
5.5%
...who early in his career played this masochistic dental patient (credited as Wilber Force) in 1960's 'The Little Shop of Horrors'...Arthur Denton
2.5%

You're not logged in!

Compare scores with friends on all Sporcle quizzes.
Join for Free
OR
Log In

You Might Also Like...

Show Comments

Extras

Top Quizzes Today


Score Distribution

Your Account Isn't Verified!

In order to create a playlist on Sporcle, you need to verify the email address you used during registration. Go to your Sporcle Settings to finish the process.

Report this User

Report this user for behavior that violates our Community Guidelines.

Details: